[Event "Titled Tuesday intern op 24th Oct Late"]
[Site "Chess.com INT"]
[Date "2023.10.24"]
[Round "6"]
[White "Fernandez Bustamante, Leancy B"]
[Black "Demina, Marya"]
[Result "1/2-1/2"]
[WhiteElo "2059"]
[BlackElo "1936"]
[PlyCount "120"]
[EventDate "2023.10.24"]
[EventType "swiss (blitz)"]
[EventRounds "11"]
[EventCountry "USA"]
[SourceTitle "Mega2024 Update 01"]
[Source "Chessbase"]
[SourceDate "2023.11.12"]
[SourceVersion "1"]
[SourceVersionDate "2023.11.12"]
[SourceQuality "1"]

1. e4 c6 2. Nf3 d5 3. exd5 cxd5 4. d4 Nf6 5. h3 Bf5 6. c3 Nc6 7. Bd3 Bxd3 8. Qxd3 e6 9. Bg5 Be7 10. 0-0 h6 11. Bh4 0-0 12. Nbd2 a6 13. Rfe1 b5 14. Ne5 Rc8 15. Ndf3 Ne4 16. Bxe7 Nxe7 17. a4 Nd6 18. axb5 axb5 19. Ra7 Nc4 20. Qe2 Nf5 21. Rea1 Nfd6 22. Nxc4 bxc4 23. Ne5 Ne4 24. Qf3 Rc7 25. R7a6 Qc8 26. R1a2 Qb7 27. Ra7 Qxa7 28. Rxa7 Rxa7 29. h4 Ra1+ 30. Kh2 Rf1 31. Ng4 h5 32. Qe2 Rb1 33. Ne5 g6 34. Nxc4 Nxf2 35. Qxf2 dxc4 36. Qe2 Rb8 37. Qxc4 R1xb2 38. d5 exd5 39. Qxd5 Re2 40. c4 Rbb2 41. Qd8+ Kg7 42. Qd4+ Kg8 43. Qd8+ Kh7 44. Qd5 Kg7 45. c5 Rbc2 46. Qd4+ Kh7 47. Qd5 Kg7 48. Qd4+ Kh7 49. Kh3 Rxg2 50. Qd6 Rgf2 51. Qd3 Rfd2 52. Qf3 Kg7 53. Qe3 Re2 54. Qd4+ Kg8 55. c6 Red2 56. Qd8+ Rxd8 57. c7 Rc8 58. Kg3 R8xc7 59. Kf4 R7c4+ 60. Kg5 Kg7 1/2-1/2

[Event "Titled Tuesday intern op 24th Oct Late"]
[Site "Chess.com INT"]
[Date "2023.10.24"]
[Round "4"]
[White "Fernandez Bustamante, Leancy B"]
[Black "Przybylski, Wojciech"]
[Result "0-1"]
[WhiteElo "2059"]
[BlackElo "2308"]
[PlyCount "80"]
[EventDate "2023.10.24"]
[EventType "swiss (blitz)"]
[EventRounds "11"]
[EventCountry "USA"]
[SourceTitle "Mega2024 Update 01"]
[Source "Chessbase"]
[SourceDate "2023.11.12"]
[SourceVersion "1"]
[SourceVersionDate "2023.11.12"]
[SourceQuality "1"]

1. e4 c5 2. Nf3 d6 3. c3 Nf6 4. h3 a6 5. Bd3 e6 6. Bc2 Be7 7. 0-0 c4 8. a4 0-0 9. Qe2 Qc7 10. Na3 d5 11. e5 Nfd7 12. Re1 Nc6 13. d3 b5 14. a5 Nc5 15. d4 Nd3 16. Bxd3 cxd3 17. Qxd3 Nxa5 18. Bg5 Nc4 19. Nxb5 Qd7 20. Bxe7 Qxe7 21. Nd6 Nxd6 22. exd6 Qxd6 23. Ng5 g6 24. Nf3 Bd7 25. Ne5 Bb5 26. Qe3 f6 27. Nd3 Rae8 28. Nc5 e5 29. Qd2 f5 30. Nd3 e4 31. Ne5 f4 32. b3 f3 33. g3 Rxe5 34. dxe5 Qxe5 35. Qd4 Qh5 36. Kh2 Bd7 37. h4 Qf5 38. Kg1 Be6 39. Re3 Qh3 40. Rxf3 exf3 0-1

[Event "Titled Tuesday intern op 12th Sep Late"]
[Site "Chess.com INT"]
[Date "2023.09.12"]
[Round "11"]
[White "Bogaudinov, Rushan"]
[Black "Fernandez Bustamante, Leancy B"]
[Result "0-1"]
[WhiteElo "1853"]
[BlackElo "2059"]
[PlyCount "58"]
[EventDate "2023.09.12"]
[EventType "swiss (blitz)"]
[EventRounds "11"]
[EventCountry "USA"]
[SourceTitle "EXT 2024"]
[Source "ChessBase"]
[SourceDate "2023.10.10"]
[SourceVersion "1"]
[SourceVersionDate "2023.10.10"]
[SourceQuality "1"]

1. a4 c5 2. h4 d5 3. h5 h6 4. b3 Nc6 5. Bb2 e5 6. e3 Nf6 7. Bb5 Bd6 8. a5 Bg4 9. f3 Bd7 10. a6 b6 11. Nc3 d4 12. Ne4 Nxe4 13. fxe4 0-0 14. Nf3 Rc8 15. Qe2 Nb4 16. Bd3 b5 17. 0-0 c4 18. bxc4 bxc4 19. Bxc4 Nxc2 20. Rac1 Nb4 21. exd4 exd4 22. Bxd4 Bg4 23. Qf2 Bb8 24. Bb3 Rxc1 25. Rxc1 Nd3 26. Qf1 Nxc1 27. Qxc1 Bxf3 28. Qc3 Bxe4 29. Bxg7 Qg5 0-1

[Event "Titled Tuesday intern op 12th Sep Early"]
[Site "Chess.com INT"]
[Date "2023.09.12"]
[Round "11"]
[White "Doluhanova, Evgeniya"]
[Black "Fernandez Bustamante, Leancy B"]
[Result "1-0"]
[WhiteElo "2230"]
[BlackElo "2059"]
[PlyCount "149"]
[EventDate "2023.09.12"]
[EventType "swiss (blitz)"]
[EventRounds "11"]
[EventCountry "USA"]
[SourceTitle "EXT 2024"]
[Source "ChessBase"]
[SourceDate "2023.10.10"]
[SourceVersion "1"]
[SourceVersionDate "2023.10.10"]
[SourceQuality "1"]

1. Nf3 Nf6 2. g3 b6 3. Bg2 Bb7 4. 0-0 h5 5. b3 h4 6. Bb2 hxg3 7. fxg3 e6 8. e3 Nc6 9. Nc3 Be7 10. Ne2 d5 11. Ned4 Nxd4 12. Bxd4 c5 13. Be5 Qd7 14. Ng5 d4 15. Bxb7 Qxb7 16. exd4 cxd4 17. Qf3 Qxf3 18. Nxf3 Rc8 19. Nxd4 Ng4 20. Bxg7 Rh7 21. h3 Rxg7 22. hxg4 Rxg4 23. c3 Bc5 24. Rf4 Rxg3+ 25. Kf2 Rg5 26. b4 Bd6 27. Re4 Kd7 28. Rh1 Rcg8 29. Ke2 Rg4 30. Rxg4 Rxg4 31. Rh7 Rf4 32. Kd3 Be5 33. Ne2 Rf3+ 34. Kc2 Rf2 35. Nc1 Ke7 36. Nd3 Re2 37. a4 Bf6 38. Nc1 Rg2 39. Nb3 e5 40. a5 Ke6 41. Rh3 e4 42. c4 bxa5 43. Nxa5 Bg5 44. Nb3 e3 45. Kd1 e2+ 46. Ke1 Bf4 47. Nd4+ Kd6 48. Nxe2 Bg5 49. Kd1 Rg4 50. Rd3+ Kc6 51. c5 Rxb4 52. Rg3 f6 53. d4 a5 54. Rf3 a4 55. Kc2 Rc4+ 56. Rc3 Rxc3+ 57. Kxc3 Kd5 58. Kb4 Be3 59. Kxa4 Bxd4 60. Nxd4 Kxd4 61. Kb5 f5 62. c6 f4 63. c7 f3 64. c8Q f2 65. Qg4+ Ke3 66. Qd1 Kf4 67. Qf1 Kg3 68. Kc4 Kh2 69. Kd3 Kg3 70. Ke2 Kh2 71. Qxf2+ Kh1 72. Qf1+ Kh2 73. Qf4+ Kh1 74. Qg5 Kh2 75. Kf2 1-0

[Event "Titled Tuesday intern op 12th Sep Late"]
[Site "Chess.com INT"]
[Date "2023.09.12"]
[Round "1"]
[White "Fernandez Bustamante, Leancy B"]
[Black "Ozates, Tuna"]
[Result "0-1"]
[WhiteElo "2059"]
[BlackElo "2309"]
[PlyCount "78"]
[EventDate "2023.09.12"]
[EventType "swiss (blitz)"]
[EventRounds "11"]
[EventCountry "USA"]
[SourceTitle "EXT 2024"]
[Source "ChessBase"]
[SourceDate "2023.10.10"]
[SourceVersion "1"]
[SourceVersionDate "2023.10.10"]
[SourceQuality "1"]

1. e4 e5 2. Nf3 Nc6 3. Nc3 Nf6 4. Bb5 Bd6 5. 0-0 0-0 6. d3 h6 7. h3 Re8 8. Be3 Ne7 9. Bc4 Ng6 10. Ne2 c6 11. Nh2 Bc7 12. f4 d5 13. exd5 exf4 14. Bxf4 Bb6+ 15. Kh1 Nh5 16. dxc6 Ngxf4 17. Rxf4 Nxf4 18. Nxf4 bxc6 19. Qh5 Qf6 20. Rf1 Re5 21. Bxf7+ Kh7 22. Qg6+ Qxg6 23. Bxg6+ Kg8 24. Nf3 Re7 25. Be4 Bb7 26. Ng6 Re6 27. Nfh4 Rae8 28. Nf5 Rxg6 29. Ne7+ Rxe7 30. Bxg6 c5 31. Kh2 Bc7+ 32. Kg1 Re2 33. Rf2 Re1+ 34. Rf1 Bh2+ 35. Kf2 Bg3+ 36. Kg1 Re2 37. d4 Rxg2+ 38. Kh1 Rh2+ 39. Kg1 Rh1# 0-1

[Event "Titled Tuesday intern op 12th Sep Late"]
[Site "Chess.com INT"]
[Date "2023.09.12"]
[Round "6"]
[White "Harriott, Tyrell"]
[Black "Fernandez Bustamante, Leancy B"]
[Result "0-1"]
[WhiteElo "1778"]
[BlackElo "2059"]
[PlyCount "90"]
[EventDate "2023.09.12"]
[EventType "swiss (blitz)"]
[EventRounds "11"]
[EventCountry "USA"]
[SourceTitle "EXT 2024"]
[Source "ChessBase"]
[SourceDate "2023.10.10"]
[SourceVersion "1"]
[SourceVersionDate "2023.10.10"]
[SourceQuality "1"]

1. d4 c5 2. e3 cxd4 3. exd4 d6 4. f4 Nf6 5. Bd3 g6 6. Nf3 Bg7 7. 0-0 0-0 8. Qe1 a6 9. Nbd2 Nc6 10. c3 b5 11. a3 Rb8 12. Kh1 a5 13. Ne4 Nxe4 14. Bxe4 d5 15. Bd3 Bg4 16. Ne5 Nxe5 17. fxe5 Be6 18. Bf4 b4 19. cxb4 axb4 20. a4 b3 21. Bb5 Qb6 22. Qd2 Rfc8 23. Rac1 Bf5 24. Rc3 Rxc3 25. Qxc3 Rc8 26. Qxb3 Qxd4 27. Bg3 Qd2 28. Bf4 Qd4 29. Bg3 h5 30. Be2 Qd2 31. Bf3 Rc1 32. Rxc1 Qxc1+ 33. Qd1 Qxb2 34. Bxd5 e6 35. Bf3 Bxe5 36. Bxe5 Qxe5 37. h3 Be4 38. Bxe4 Qxe4 39. Qa1 g5 40. a5 g4 41. hxg4 hxg4 42. a6 g3 43. a7 Qh4+ 44. Kg1 Qh2+ 45. Kf1 Qh1+ 0-1

[Event "Titled Tuesday intern op 12th Sep Late"]
[Site "Chess.com INT"]
[Date "2023.09.12"]
[Round "2"]
[White "Urbina Perez, Juan Antonio"]
[Black "Fernandez Bustamante, Leancy B"]
[Result "1-0"]
[WhiteElo "2266"]
[BlackElo "2059"]
[PlyCount "45"]
[EventDate "2023.09.12"]
[EventType "swiss (blitz)"]
[EventRounds "11"]
[EventCountry "USA"]
[SourceTitle "EXT 2024"]
[Source "ChessBase"]
[SourceDate "2023.10.10"]
[SourceVersion "1"]
[SourceVersionDate "2023.10.10"]
[SourceQuality "1"]

1. d4 Nf6 2. c4 e6 3. Nf3 Bb4+ 4. Nbd2 b6 5. g3 Bb7 6. Bg2 Ne4 7. 0-0 Nxd2 8. Bxd2 Qe7 9. Re1 f5 10. a3 Bxd2 11. Nxd2 0-0 12. Bxb7 Nc6 13. Bxa8 Rxa8 14. d5 Ne5 15. Qc2 Rf8 16. Nf3 Ng4 17. dxe6 dxe6 18. b4 f4 19. Qe4 Rf6 20. Ne5 Nxe5 21. Qxe5 fxg3 22. fxg3 Rf5 23. Qe3 1-0

[Event "Titled Tuesday intern op 05th Sep Early"]
[Site "Chess.com INT"]
[Date "2023.09.05"]
[Round "9"]
[White "Bournel, Antoine"]
[Black "Fernandez Bustamante, Leancy B"]
[Result "1-0"]
[WhiteElo "2334"]
[BlackElo "2059"]
[PlyCount "83"]
[EventDate "2023.09.05"]
[EventType "swiss (blitz)"]
[EventRounds "11"]
[EventCountry "USA"]
[SourceTitle "EXT 2024"]
[Source "ChessBase"]
[SourceDate "2023.10.10"]
[SourceVersion "1"]
[SourceVersionDate "2023.10.10"]
[SourceQuality "1"]

1. a3 e5 2. c4 d5 3. cxd5 Nf6 4. d3 Nxd5 5. Nf3 Nc6 6. e4 Nde7 7. Be2 Bg4 8. Nbd2 Bxf3 9. Nxf3 Nd4 10. Nxd4 Qxd4 11. 0-0 Nc6 12. Rb1 a5 13. Kh1 0-0-0 14. Be3 Qd6 15. b4 axb4 16. Qa4 h5 17. axb4 Nd4 18. Bxd4 Qxd4 19. Qa8+ Kd7 20. Qxb7 Bd6 21. b5 Ke7 22. Rfc1 Rb8 23. Rxc7+ Bxc7 24. Qxc7+ Qd7 25. Qxe5+ Qe6 26. Qc7+ Kf6 27. b6 Rhc8 28. Qf4+ Kg6 29. b7 Rd8 30. h4 Qc6 31. Qg5+ Kh7 32. Bxh5 f6 33. Qg6+ Kh8 34. Qf7 Rd7 35. Qg6 Rdxb7 36. Rxb7 Qxb7 37. Bg4 Qb1+ 38. Kh2 Rb5 39. Qe8+ Kh7 40. Bf5+ g6 41. Qxg6+ Kh8 42. Qh7# 1-0

[Event "Titled Tuesday intern op 05th Sep Early"]
[Site "Chess.com INT"]
[Date "2023.09.05"]
[Round "8"]
[White "Parfenov, Viktor N"]
[Black "Fernandez Bustamante, Leancy B"]
[Result "0-1"]
[WhiteElo "2193"]
[BlackElo "2059"]
[PlyCount "80"]
[EventDate "2023.09.05"]
[EventType "swiss (blitz)"]
[EventRounds "11"]
[EventCountry "USA"]
[SourceTitle "EXT 2024"]
[Source "ChessBase"]
[SourceDate "2023.10.10"]
[SourceVersion "1"]
[SourceVersionDate "2023.10.10"]
[SourceQuality "1"]

1. e4 c5 2. Nf3 a6 3. g3 d5 4. exd5 Nf6 5. Bg2 Nxd5 6. 0-0 Nc6 7. d4 e6 8. c4 Nf6 9. d5 exd5 10. cxd5 Qxd5 11. Re1+ Be7 12. Bd2 0-0 13. Ne5 Qd8 14. Nxc6 bxc6 15. Na3 Rb8 16. Nc4 Be6 17. b3 Nd5 18. Ne5 Qc7 19. Rc1 Bd6 20. Nc4 Rbd8 21. Ba5 Qc8 22. Bxd8 Rxd8 23. Nxd6 Rxd6 24. Rxc5 Qd8 25. Qc1 Nb4 26. Rxc6 Nxc6 27. Bxc6 g6 28. Bf3 Rd3 29. Re3 Rd2 30. a4 Qd4 31. Qc3 Qd8 32. Kg2 Qd7 33. h4 h5 34. Be4 Bh3+ 35. Kg1 Ra2 36. Rd3 Qe8 37. Rd2 Rxd2 38. Qxd2 Qxe4 39. Qd8+ Kg7 40. Kh2 Qg2# 0-1

[Event "Titled Tuesday intern op 29th Aug Late"]
[Site "Chess.com INT"]
[Date "2023.08.29"]
[Round "5"]
[White "Fernandez Bustamante, Leancy B"]
[Black "Senft, Sean"]
[Result "0-1"]
[WhiteElo "2059"]
[BlackElo "2146"]
[PlyCount "76"]
[EventDate "2023.08.29"]
[EventType "swiss (blitz)"]
[EventRounds "11"]
[EventCountry "USA"]
[SourceTitle "EXT 2024"]
[Source "ChessBase"]
[SourceDate "2023.10.10"]
[SourceVersion "1"]
[SourceVersionDate "2023.10.10"]
[SourceQuality "1"]

1. e4 c5 2. Nf3 d6 3. c3 Nf6 4. h3 g6 5. Bd3 Bg7 6. Bc2 0-0 7. 0-0 e5 8. Re1 Nc6 9. d4 exd4 10. cxd4 cxd4 11. Nxd4 Nxd4 12. Qxd4 Be6 13. Nc3 a6 14. Bf4 Ne8 15. Qd2 Rc8 16. Rad1 Qb6 17. Bb3 Bxb3 18. axb3 Qxb3 19. Bh6 Bxh6 20. Qxh6 Qxb2 21. Nd5 Qe5 22. f4 Qe6 23. e5 Rc5 24. exd6 Rxd5 25. Rxe6 Rxd1+ 26. Kh2 fxe6 27. f5 exf5 28. d7 Rxd7 29. Qe3 Rdf7 30. Qb3 f4 31. h4 h5 32. Qf3 Kh7 33. Kh3 Nf6 34. Qd3 Ng4 35. Qf3 Re8 36. g3 Re3 37. Qxg4 hxg4+ 38. Kxg4 Rxg3# 0-1

[Event "Titled Tuesday intern op 22nd Aug Late"]
[Site "Chess.com INT"]
[Date "2023.08.22"]
[Round "1"]
[White "Fernandez Bustamante, Leancy B"]
[Black "Kiladze, Luka"]
[Result "0-1"]
[WhiteElo "2059"]
[BlackElo "2030"]
[PlyCount "78"]
[EventDate "2023.08.22"]
[EventType "swiss (blitz)"]
[EventRounds "11"]
[EventCountry "USA"]
[SourceTitle "EXT 2024"]
[Source "ChessBase"]
[SourceDate "2023.10.10"]
[SourceVersion "1"]
[SourceVersionDate "2023.10.10"]
[SourceQuality "1"]

1. e4 d6 2. Nf3 g6 3. Nc3 Bg7 4. d4 a6 5. Bg5 b5 6. a3 Bb7 7. Qd2 h6 8. Bf4 e6 9. 0-0-0 Ne7 10. Be2 Nd7 11. h4 Nb6 12. e5 d5 13. h5 g5 14. Nxg5 hxg5 15. Bxg5 Nc4 16. Bxc4 dxc4 17. h6 Bf8 18. Qf4 Qd7 19. h7 Ng6 20. Qe3 Be7 21. Kb1 0-0-0 22. f4 Bxg5 23. fxg5 Bxg2 24. Rh2 Bb7 25. Ne2 c5 26. c3 Qd5 27. Ka1 Qf3 28. Qd2 Be4 29. Qe1 Bd3 30. Rf2 Qe3 31. Rd2 Rxh7 32. Rf1 cxd4 33. cxd4 Rh2 34. Rh1 Rxe2 35. Rxe2 Qxe2 36. Qa5 Qe4 37. Qxa6+ Qb7 38. Qa5 Qxh1+ 39. Ka2 Qb1# 0-1

[Event "Titled Tuesday intern op 15th Aug Late"]
[Site "Chess.com INT"]
[Date "2023.08.15"]
[Round "7"]
[White "Bochnicka, Vladimir1111"]
[Black "Fernandez Bustamante, Leancy B"]
[Result "1-0"]
[WhiteElo "2368"]
[BlackElo "2059"]
[PlyCount "101"]
[EventDate "2023.08.15"]
[EventType "swiss (blitz)"]
[EventRounds "11"]
[EventCountry "USA"]
[SourceTitle "EXT 2024"]
[Source "ChessBase"]
[SourceDate "2023.10.10"]
[SourceVersion "1"]
[SourceVersionDate "2023.10.10"]
[SourceQuality "1"]

1. e4 c5 2. Nf3 a6 3. c4 Nc6 4. Nc3 d6 5. d4 cxd4 6. Nxd4 Nxd4 7. Qxd4 Nf6 8. Be2 g6 9. Be3 Bg7 10. 0-0 0-0 11. Qd2 Be6 12. b3 Qa5 13. Rac1 Rfc8 14. Rfd1 b5 15. cxb5 axb5 16. Nxb5 Qxd2 17. Rxc8+ Rxc8 18. Rxd2 Nxe4 19. Rd1 Ra8 20. Bf3 d5 21. a4 Be5 22. Bd4 Bxd4 23. Nxd4 Nc5 24. Rc1 Nd3 25. Rc7 Kf8 26. h3 Rb8 27. a5 Nb4 28. Be2 Bc8 29. Bb5 Ba6 30. Bxa6 Nxa6 31. Rc6 Nb4 32. Rb6 Rxb6 33. axb6 Na6 34. Nc6 Ke8 35. b7 Kd7 36. b8Q Nxb8 37. Nxb8+ Kd6 38. Kf1 Kc5 39. Ke2 e6 40. Kd3 Kb4 41. Kc2 d4 42. Nc6+ Kc5 43. Ne5 f5 44. Kd3 Kd5 45. f4 g5 46. g3 h5 47. Nf3 g4 48. hxg4 fxg4 49. Nxd4 h4 50. gxh4 e5 51. fxe5 1-0